موسوعة القضاء العسكرى / (Record no. 66509)
[ view plain ]
| 000 -الفاتح | |
|---|---|
| حقل البيانات ثابتة الطول | 01477nam a22002417a 4500 |
| 005 - وقت وتاريخ اخر تعامل مع التسجيلة | |
| رقم الضبط | 20240530110922.0 |
| 008 - عناصر البيانات ثابتة الطول - معلومات عامة | |
| حقل البيانات ثابتة الطول | 220221s1986 ua a g b 000 0 ara d |
| 040 ## - مصدر الفهرسة | |
| وكالة الفهرسة الأصلية | EG-CaGPL |
| وكالة النسخ | EG-CaGPL |
| 082 04 - رقم تصنيف ديوى العشرى | |
| رقم الطبعة | 21 |
| رقم التصنيف | 343.01 / |
| رقم المادة | م ج |
| 100 0# - المدخل الرئيسى - إسم شخصى | |
| الإسم الشخصى | جمال الدين سالم حجازى |
| 245 11 - بيان العنوان | |
| العنوان | موسوعة القضاء العسكرى / |
| بيان المسئوليه,etc | تاليف جمال الدين سالم حجازى ، حلمى عبدالجواد الدقدوقى |
| رقم الجزء/قسم العمل | الجزء الاول |
| اسم جزء/قسم العمل | قانون الاحكام العسكرية رقم 25 لسنة 1966 المعدل بالقانون رقم 1 لسنة 1983 - قرار بقانون رد الاعتبارعن احكام المحاكم العسكرية رقم 2 لسنة 1969 - ونطاق التطبيق على الشرطة بالقانون رقم 109 لسنة 1971 بشان هيئة الشرطة |
| رقم الجزء/قسم العمل | الجزء الثانى |
| اسم جزء/قسم العمل | تشريعات الخدمة العسكرية والوطنية - قانون التجنيد والخدمة العامة |
| 250 ## - بيان الطبعة | |
| بيان الطبعة | ط.1 |
| 260 ## - PUBLICATION, DISTRIBUTION, ETC. (IMPRINT) | |
| تاريخ النشر أو التوزيع | 1986 |
| 300 ## - الوصف المادى | |
| التعداد | 2 جزء ؛ |
| أبعاد الوعاء | 24 سم |
| 650 07 - المدخل الاضافى بالموضوع-مصطلح موضوعى | |
| مصطلح موضوعي | القانون |
| مصدر الرأس أو المصطلح | qrmak |
| 650 07 - المدخل الاضافى بالموضوع-مصطلح موضوعى | |
| مصطلح موضوعي | القضاء العسكرى |
| مصدر الرأس أو المصطلح | qrmak |
| 650 07 - المدخل الاضافى بالموضوع-مصطلح موضوعى | |
| مصطلح موضوعي | المحاكم العسكرية |
| مصدر الرأس أو المصطلح | qrmak |
| 650 07 - المدخل الاضافى بالموضوع-مصطلح موضوعى | |
| مصطلح موضوعي | الخدمة العسكرية |
| مصدر الرأس أو المصطلح | qrmak |
| 650 07 - المدخل الاضافى بالموضوع-مصطلح موضوعى | |
| مصطلح موضوعي | الخدمة العامة |
| مصدر الرأس أو المصطلح | qrmak |
| 700 ## - المدخل الاضافى - اسم شخصى | |
| الإسم الشخصى | حلمى عبدالجواد الدقدوقى |
| الدور | مؤلف مشارك |
| 942 ## - عناصر المدخل الإضافي( كوها) | |
| مصدر التصنيف او مخطط الترفيف | Dewey Decimal Classification |
| Koha [default] item type | كتاب |
| 260 ## - PUBLICATION, DISTRIBUTION, ETC. (IMPRINT) | |
| -- | القاهرة : |
| -- | المؤلف، |
| حالة التراجع | حالة الفقد | حالة تلف | ليس للاعارة | المكان المؤقت | الموقع الحالى | موقع الترفيف | تاريخ الاكتساب | اجمالي اﻻعارات | رقم الطلب | الباركود | تاريخ اخر مشاهدة | تاريخ تفعيل السعر | نوع وعاء كوها |
|---|---|---|---|---|---|---|---|---|---|---|---|---|---|
| مكتبة القاهرة الكبرى | مكتبة القاهرة الكبرى | ق الرئيسية_العلوم الاجتماعية_ك عربى | 06/12/2022 | 343.01 / م ج | 168061 | 06/12/2022 | 06/12/2022 | كتاب | |||||
| مكتبة القاهرة الكبرى | مكتبة القاهرة الكبرى | ق الرئيسية_العلوم الاجتماعية_ك عربى | 06/12/2022 | 343.01 / م ج | 168062 | 06/12/2022 | 06/12/2022 | كتاب |

